|
|
|
|
| LEADER |
00000cam a2200000 i 4500 |
| 001 |
1/2818 |
| 008 |
100108s1997 gr | ||| |||| ||gre|| |
| 020 |
|
|
|a 9602742496
|
| 035 |
|
|
|l 10106156
|
| 040 |
|
|
|a GR-MY-UA
|b gre
|e aacr
|
| 041 |
1 |
|
|a gre
|h eng
|
| 082 |
0 |
|
|a 813
|2 (22)
|
| 100 |
1 |
|
|a Jaffe, Michael Grant.
|
| 245 |
1 |
2 |
|a Ο δικός μου Κάλβιν /
|c Μάικλ Γκράντ Τζάφι ; μετάφραση Ρόζα Τραικόγλου.
|
| 260 |
|
|
|a Αθήνα :
|b Ψυχογιός,
|c 1997.
|
| 300 |
|
|
|a 256 σ. ;
|c 21 εκ.
|
| 500 |
|
|
|a Τίτλος πρωτοτύπου: Dance real slow
|
| 650 |
0 |
0 |
|a Fathers and sons
|x Fiction.
|
| 650 |
0 |
0 |
|a Divorced men
|x Fiction.
|
| 650 |
0 |
0 |
|a Domestic fiction.
|
| 650 |
0 |
0 |
|a American fiction.
|
| 651 |
|
0 |
|a Kansas
|x Fiction.
|
| 700 |
1 |
|
|a Τραϊκόγλου, Μαρία-Ρόζα,
|e trlf [Μεταφράστρια]
|
| 852 |
|
|
|a INST
|b SAMOS
|e 20100108
|h 813 JAF
|p 005300031009
|q 005300031009
|t BK
|y 0
|
| 901 |
|
|
|a BIBL3-2010-1
|
| 909 |
|
|
|a Σ
|b 158405
|
| 970 |
|
|
|a ΡΟΥΣΣΟΥ
|b ΚΩΝΣΤΑΝΤΙΝΑ
|z 2010/01/08
|